000 00533nam a2200169 4500
001 148073
003 ES-MaACL
005 20230906202420.0
007 t|
008 070214s1956 fr r ||||1| spa d
100 1 _aSpyropoulos, Georges.
_9107820
245 1 3 _aLa libertad sindical /
_cGeorges Spyropoulos ; prefacio de Paul Durand.
260 _aParis :
_bLibrairie Générale de Droit et de Jurisprudence,
_c1956.
300 _aXII, 526 p. ;
_c21 cm.
700 1 _aDurand, Paul.
_946257
852 _aES-MaACL
_jL-1647
_bR.102610
999 _c148073
_d148073